000 00298nam a2200109Ia 4500
008 230302s9999 xx 000 0 und d
082 _aB005.4'3STA
100 _a STALLINGS(WILLIAMS)
245 _aOperating Systems internals and design Principles
260 _aNEW DELHI
_b PEARSON
365 _cRS
999 _c148321
_d148321